UBT Library

Pathophysiology : (Record no. 882)

000 -LEADER
fixed length control field 00608nam a22002177a 4500
008 - FIXED-LENGTH DATA ELEMENTS--GENERAL INFORMATION
fixed length control field 150521b xxu||||| |||| 00| 0 eng d
020 ## - INTERNATIONAL STANDARD BOOK NUMBER
International Standard Book Number 9780781749886
041 0# - LANGUAGE CODE
Language code of text/sound track or separate title eng
080 ## - UNIVERSAL DECIMAL CLASSIFICATION NUMBER
Universal Decimal Classification number 616
100 1# - Rafti
Rafti Porth, Carol.
245 10 - TITLE STATEMENT
Title Pathophysiology :
Statement of responsibility, etc Carol Mattson Porth.
250 ## -
-- 7th ed.
260 ## -
-- Philadelphia :
-- Lippincott Williams & Wilkins,
-- c2005.
300 ## -
-- 1582 f. :
-- me il. ;
-- 28 cm.
650 #0 -
-- Fiziologji, Patologjike
650 #0 -
-- Infermieri
650 12 -
-- Sëmundjet
650 22 -
-- Patologji
650 22 -
-- Fiziologji
942 ## - ADDED ENTRY ELEMENTS (KOHA)
Source of classification or shelving scheme
Item type Books
Holdings
Withdrawn status Lost status Source of classification or shelving scheme Damaged status Not for loan Collection code Permanent location Current location Shelving location Date acquired Total Checkouts Full call number Date last seen Price effective from Koha item type Barcode
                  05/19/2016     05/19/2016 05/19/2016 Books  
          Koleksioni i përgjithshem UBT - Lipjan UBT - Lipjan Koleksioni i përgjithshem 05/21/2015   616 POR 05/21/2015 05/21/2015 Books  
          Koleksioni i përgjithshem UBT - Lipjan UBT - Lipjan Koleksioni i përgjithshem 06/09/2021   616 POR 06/09/2021 06/09/2021 Books 002-7003893
UBT Library © 2015-2024. All rights reserved University Education for Business and Technology